LEADER 00857cam0 2200241 450 001 E600200046382 005 20201027102056.0 100 $a20090305d1950 |||||ita|0103 ba 101 $aita 102 $aIT 200 1 $aOpere filosofiche giovanili. [Parte] 1$eCritica della filosofia hegeliana del diritto pubblico. [Parte] 2$eManoscritti economico-filosofici del 1844$fKarl Marx 210 $aRoma$cRinascita$d1950 215 $a320 p.$d23 cm 700 1$aMarx$b, Karl$3AF00005784$4070$032587 801 0$aIT$bUNISOB$c20201027$gRICA 850 $aUNISOB 852 $aUNISOB$j100$m3328 912 $aE600200046382 940 $aM 102 Monografia moderna SBN 941 $aM 957 $a100$b001357$gSi$d3328$racquisto$1vasca$2UNISOB$3UNISOB$420090305113553.0$520201027102043.0$6Alfano 996 $aOpere filosofiche giovanili. 1$91600538 997 $aUNISOB